000 00370nam a2200157Ia 4500
008 230711s9999||||xx |||||||||||||| ||und||
041 _aENG
082 _a720
_bCU-D
100 _aCuito,Aurora
245 0 _aDream apartments
250 _a1st Ed.
260 _c2004
_aNew Delhi
_bHarperCollins Publishers India
300 _a175
650 _aArchitecture
942 _cBK
999 _c4951
_d4951